000 00297nam a22001217a 4500
082 _a808.831
_bTIN
_cD
100 _aParrault
_946878
245 _aLittle red riding hood
260 _aIndia
_bTiny tot publicaions
300 _bill
526 _a0
_b0
_c0
_d808_831000000000000_TIN
942 _2ddc
_cBK
999 _c550129
_d550129